Statistiques concernant Livres par Emojis

Cliquez ici pour prendre le quiz!

Statistiques générales

  • Ce quiz a été pris 3 064 fois
  • Le résultat moyen est 4 sur 10

Statistiques - réponses

EmojisLivres% Correct
Harry Potter
98%
Charlie et la chocolaterie
73%
Narnia
66%
La Planète des singes
60%
Le Tour du monde en quatre-vingts jours
42%
Le Crime de l'Orient Express
40%
Alice au pays des merveilles
26%
Le petit Prince
21%
Le Chien des Baskerville
13%
Stupeur et tremblements
4%

Distribution des résultats

Percentile par nombre de réponses

% des personnes avec chaque résultat

Votre développement - résultats

Vous n’avez pas pris ce quiz